Hydropower developments: (Record no. 596193)
[ view plain ]
| 000 -LEADER | |
|---|---|
| fixed length control field | 00326nam a2200097Ia 4500 |
| 008 - FIXED-LENGTH DATA ELEMENTS--GENERAL INFORMATION | |
| fixed length control field | 230907s9999||||xx |||||||||||||| ||und|| |
| 082 ## - DEWEY DECIMAL CLASSIFICATION NUMBER | |
| Classification number | 621.312134 |
| Author Mark | HYD |
| 245 #0 - TITLE STATEMENT | |
| Title | Hydropower developments: |
| 260 ## - PUBLICATION, DISTRIBUTION, ETC. | |
| Place of publication, distribution, etc. | Institution of Mechanical Engineers (Great Britain). | Professional engineering publishing, |
| Name of publisher, distributor, etc. | download |
| Date of publication, distribution, etc. | 2004 |
| 942 ## - ADDED ENTRY ELEMENTS (KOHA) | |
| Koha item type | Book |
| Withdrawn status | Lost status | Damaged status | Not for loan | Permanent Location | Current Location | Date acquired | Total Checkouts | Full call number | Barcode | Date last seen | Price effective from | Koha item type |
|---|---|---|---|---|---|---|---|---|---|---|---|---|
| US-Pakistan Center for Advanced Studies in Energy (USPCAS-E) | US-Pakistan Center for Advanced Studies in Energy (USPCAS-E) | 09/16/2019 | 621.312134 HYD | CAS-E0000292 | 09/12/2023 | 09/12/2023 | Book |
